Eneida (Record no. 15835)
[ view plain ]
| 000 -Etiqueta do registo | |
|---|---|
| Valores | 00615nam a2200193 4500 |
| 010 ## - Número ISBN | |
| ISBN | 9789727953981 |
| 021 ## - Número do Depósito Legal | |
| Número | 470188/20 |
| 100 ## - Dados gerais de processamento | |
| Dados gerais | 20210623d2020 m y0pory50030103ba |
| 200 1# - Titulo e menção de responsabilidade | |
| Título próprio | Eneida |
| Primeira menção de responsabilidade | Virgílio |
| Outras menções de responsabilidade | trad., introd e anot. Carlos Ascenso André |
| 210 #9 - Publicação | |
| Local de publicação | [S.l.] |
| Nome do editor | Livros Cotovia, |
| Data de publicação | 2020 |
| 215 ## - Descrição física | |
| Paginação / Volumes | 431, [1] p. |
| Dimensões | 24 cm |
| 675 ## - CDU | |
| Notação | 821.124-13"-00" |
| Edição | BN |
| Língua | por |
| 700 #0 - Autor principal (pessoa individual) | |
| Apelido | Virgílio, |
| Datas | 70-19 a.C. |
| 702 #1 - Autor secundário (pessoa individual) | |
| Apelido | André, |
| Nome | Carlos, |
| Datas | 1953- |
| 801 #0 - Fonte de origem | |
| País | PT |
| Agência | BN |
| Regras de catalogação | RPC |
| 856 41 - Localização e acesso electrónico | |
| URL | <a href="http://rnod.bnportugal.gov.pt/ImagesBN/winlibimg.aspx?skey=&doc=2073654&img=152946&save=true">http://rnod.bnportugal.gov.pt/ImagesBN/winlibimg.aspx?skey=&doc=2073654&img=152946&save=true</a> |
| 990 ## - Elementos KOHA | |
| Tipo de documento | Livro |
| Situação do levantamento | Estado | Biblioteca de origem | Código de barras | Cota | Permissão de empréstimo | Tipo de documento | Forma de aquisição |
|---|---|---|---|---|---|---|---|
| Biblioteca Municipal do Alandroal | 15316/21 | 821.124-1 VIR | Livro | Compra |